| 000 | 00000nam##2200000za#4500 |
| 001 | 9.619740 |
| 003 | CaOODSP |
| 005 | 20210615103641 |
| 007 | ta |
| 008 | 150406|2009||||xxc||||| f|0| 0 eng|d |
| 022 | |a0706-6457 |
| 040 | |aCaOODSP|beng |
| 043 | |an-cn--- |
| 086 | 1 |aFs97-6/2859E |
| 110 | 1 |aCanada. |bDepartment of Fisheries and Oceans. |
| 245 | 10|aUtility of large regional databases for understanding abundance and diversity characteristics of natural marine soft substrate fauna / |cby B.J. Burd ...[et al.]. |
| 260 | |aSidney - British Columbia : |bFisheries and Oceans Canada |c2009. |
| 300 | |avi, 121p. : |bfigs., references, tables ; |c28 cm. |
| 490 | 1 |aCanadian technical report of fisheries and aquatic sciences|x0706-6457|vNo. 2859 |
| 500 | |a"Ocean Sciences Division, Fisheries and Oceans Canada, Institute of Ocean Sciences, 9860 West Saanich Rd., Sidney, B.C. V8L 4B2". - Cover. |
| 546 | |a(Résumé en français) |
| 563 | |aSoftcover |
| 590 | |a10-11|b2010-03-19 |
| 720 | 1 |aBurd, B.J. |
| 776 | 0#|tUtility of large regional database for understanding abundance and diversity characteristics of natural marine soft substrate fauna / |w(CaOODSP)9.574403 |
| 830 | #0|aCanadian technical report of fisheries and aquatic sciences,|x0706-6457|vNo. 2859|w(CaOODSP)9.514691 |